[Event "6th Transport Ministry's Cup"]
[Site "Warsaw POL"]
[Date "1980.06.01"]
[Round "10"]
[White "Vogt, Lothar"]
[Black "Schinzel, Wladyslaw"]
[Result "1-0"]
[WhiteElo "2510"]
[BlackElo "2385"]
[EventDate "1980.05.23"]
[PlyCount "59"]
[Source "Vistula"]
[SourceDate "1999.08.16"]

1.e4 c5 2.Nf3 d6 3.d4 cxd4 4.Nxd4 Nf6 5.Nc3 a6 6.Be2 e5 7.Nb3 Be7 8.O-O 
O-O 9.Kh1 Nc6 10.f4 b5 11.Bf3 Bb7 12.Nd5 exf4 13.Bxf4 Ne5 14.Nd4 Nxd5 15.
exd5 Bg5 16.Nc6 Qf6 17.Bxe5 dxe5 18.d6 Kh8 19.Qd3 Bf4 20.g3 Rac8 21.Ne7 e4
22.Bxe4 Bxe4+ 23.Qxe4 Rc4 24.Qe2 Qxb2 25.gxf4 Rxc2 26.Qh5 Rd8 27.Rad1 Qxa2
28.Rfe1 h6 29.Nf5 Kh7 30.Rg1 1-0

[Event "6th Transport Ministry's Cup"]
[Site "Warsaw POL"]
[Date "1980.06.02"]
[Round "11"]
[White "Bernard, Ryszard"]
[Black "Vogt, Lothar"]
[Result "0-1"]
[WhiteElo "2370"]
[BlackElo "2510"]
[EventDate "1980.05.23"]
[PlyCount "78"]
[Source "Vistula"]
[SourceDate "1999.08.16"]

1.e4 c5 2.Nf3 Nc6 3.Bb5 Qc7 4.O-O e6 5.c3 Nf6 6.Re1 a6 7.Bxc6 bxc6 8.d4 
Be7 9.e5 Nd5 10.dxc5 Bxc5 11.c4 Nb6 12.b3 Bb7 13.Nbd2 f5 14.exf6 gxf6 15.
Ne4 Be7 16.Bb2 Rf8 17.Qd2 O-O-O 18.Qh6 c5 19.Rac1 f5 20.Ned2 Qc6 21.Qxh7 
Bg5 22.Rcd1 Rg8 23.Bg7 Bf4 24.Nh4 Qd6 25.Nf1 Qe7 26.Ng6 Qxg7 27.Qxg7 Bxh2+
28.Nxh2 Rxg7 29.Nf4 Bxg2 30.Nxg2 Rdg8 31.Kf1 Rxg2 32.Nf3 Kc7 33.Re3 R2g6 
34.Ke2 d6 35.Rh1 e5 36.Rh7+ R8g7 37.Rxg7+ Rxg7 38.Nxe5 f4 39.Re4 Re7 0-1

[Event "6th Transport Ministry's Cup"]
[Site "Warsaw POL"]
[Date "1980.06.02"]
[Round "11"]
[White "Bugajski, Robert"]
[Black "Schmidt, Wlodzimierz"]
[Result "1/2-1/2"]
[WhiteElo "2290"]
[BlackElo "2430"]
[EventDate "1980.05.23"]
[PlyCount "26"]
[Source "Vistula"]
[SourceDate "1999.08.16"]

1.c4 c5 2.Nf3 Nf6 3.d4 cxd4 4.Nxd4 e6 5.g3 Qb6 6.Bg2 Bc5 7.e3 Nc6 8.Nb3 
Be7 9.O-O O-O 10.Nc3 Na5 11.Nxa5 Qxa5 12.Bd2 Qc7 13.Rc1 d6 1/2-1/2

[Event "6th Transport Ministry's Cup"]
[Site "Warsaw POL"]
[Date "1980.06.02"]
[Round "11"]
[White "Rakic, Tomislav"]
[Black "Sznapik, Aleksander"]
[Result "1/2-1/2"]
[WhiteElo "2455"]
[BlackElo "2460"]
[EventDate "1980.05.23"]
[PlyCount "45"]
[Source "Vistula"]
[SourceDate "1999.08.16"]

1.d4 Nf6 2.Nf3 g6 3.Bg5 Bg7 4.Nc3 d6 5.Qd2 h6 6.Bf4 Nbd7 7.e4 g5 8.Bg3 Nh5
9.O-O-O e6 10.h3 Nxg3 11.fxg3 a6 12.g4 b5 13.Ne2 Bb7 14.Ng3 Rf8 15.Kb1 Qe7
16.Bd3 c5 17.c3 O-O-O 18.Rhe1 Kb8 19.Qf2 Rc8 20.Nf1 Rc7 21.N1d2 cxd4 22.
cxd4 Rfc8 23.Rc1 1/2-1/2

[Event "6th Transport Ministry's Cup"]
[Site "Warsaw POL"]
[Date "1980.06.02"]
[Round "11"]
[White "Schinzel, Wladyslaw"]
[Black "Pribyl, Josef"]
[Result "0-1"]
[WhiteElo "2385"]
[BlackElo "2390"]
[EventDate "1980.05.23"]
[PlyCount "98"]
[Source "Vistula"]
[SourceDate "1999.08.16"]

1.c4 c5 2.Nf3 Nc6 3.e3 Nf6 4.Nc3 d5 5.cxd5 Nxd5 6.Bc4 Nxc3 7.bxc3 e6 8.O-O
Be7 9.d4 O-O 10.Qe2 b6 11.Rd1 Bb7 12.dxc5 Qc7 13.cxb6 axb6 14.Nd4 Na5 15.
Bd3 e5 16.Nb5 Qc6 17.f3 f5 18.e4 f4 19.Bd2 Bc5+ 20.Kh1 Rf6 21.Be1 Rh6 22.
g4 fxg3 23.Bxg3 Re8 24.Bc4+ Nxc4 25.Qxc4+ Kh8 26.Rd2 Qg6 27.Rg2 Qh5 28.Nc7
Rf8 29.Nd5 Bc8 30.Rf1 Bh3 31.Qe2 Rg6 32.Ne3 Bxe3 33.Qxe3 Rgf6 34.f4 exf4 
35.Rxf4 Bxg2+ 36.Kxg2 Rxf4 37.Bxf4 Qf7 38.Bd6 Qf1+ 39.Kg3 Rf6 40.Bf4 Rg6+ 
41.Kh4 Qc4 42.Qd4 Qxa2 43.Qd8+ Qg8 44.Qd7 h6 45.Be5 Qf8 46.Qf5 Qe7+ 47.Kh3
Rg5 48.Qc8+ Kh7 49.Bf4 Rc5 0-1

[Event "6th Transport Ministry's Cup"]
[Site "Warsaw POL"]
[Date "1980.06.02"]
[Round "11"]
[White "Uhlmann, Wolfgang"]
[Black "Mazul, Waldemar"]
[Result "1/2-1/2"]
[WhiteElo "2510"]
[BlackElo "2340"]
[EventDate "1980.05.23"]
[PlyCount "48"]
[Source "Vistula"]
[SourceDate "1999.08.16"]

1.c4 c5 2.Nf3 Nf6 3.Nc3 e6 4.g3 b6 5.Bg2 Bb7 6.d4 cxd4 7.Qxd4 Be7 8.O-O d6
9.b3 Na6 10.Ba3 Nc5 11.Rfd1 a6 12.Qe3 Qc7 13.Rac1 O-O 14.Nd4 Bxg2 15.Kxg2 
Rfe8 16.f4 Bf8 17.Qf3 Rac8 18.Bb2 Qb8 19.Re1 g6 20.Rcd1 Bg7 21.b4 Nb7 22.
Nc6 Qc7 23.b5 Nd8 24.Nxd8 Rexd8 1/2-1/2